000 00319nam a22001337a 4500
020 _a0000000581417
040 _cNUST
082 _a812.50-CH MIL
100 _aMiller, Arthur
_9110470
245 _aDeath of a Salesman
260 _aLahore:
_b A H Publishers,
_c2015.
650 _aEnglish Fiction
942 _2ddc
_cBK
999 _c593794
_d593794